| 000 | 00654nam a2200241Ia 4500 | ||
|---|---|---|---|
| 001 | dia_2021 | ||
| 003 | CHAP | ||
| 005 | 20230614101928.0 | ||
| 008 | 220117s1978 xx 000 0 und d | ||
| 010 | _a172559 | ||
| 040 | _cCHAP | ||
| 082 | _a634.75 A5 | ||
| 100 |
_aAlsina Grau, Luis _94649 |
||
| 245 |
_aCultivo de Fresas y Fresones / _c por Luis Alsina Grau |
||
| 260 |
_aBarcelona : _b Sintes, _c1978 |
||
| 300 | _a163 p. | ||
| 400 | _aBIBLIOTECA DEL AGRICULTOR | ||
| 650 |
_a1.Fresa _xcultivo. _9152088 |
||
| 901 | _a634.75 A5 | ||
| 902 | _aM | ||
| 905 | _a0000001978 BARA 0000000000ESP00 | ||
| 942 |
_cLIBRO _2ddc |
||
| 999 |
_c172559 _d172559 |
||